000 00418nam a22001697a 4500
003 NUST - PNEC
005 20170116180951.0
008 150812b xxu||||| |||| 00| 0 eng d
020 _a8121903459
040 _cLIBRARY
082 _a510.02462 DAS
100 _95168
_aDass, H.K.
245 _aAdvanced Engineering mathematics
_cH.K. Dass
260 _cc.1988
650 _95169
_aMathematics
_xME
942 _2ddc
_cBK
999 _c66434
_d66434